|
|
|
|
| LEADER |
00000nam0a2200000 4500 |
| 001 |
371751 |
| 005 |
20231102012418.0 |
| 035 |
|
|
|a (RuTPU)RU\TPU\retro\29161
|
| 090 |
|
|
|a 371751
|
| 100 |
|
|
|a 20221110d1978 m y0rusy50 ca
|
| 101 |
0 |
|
|a rus
|
| 102 |
|
|
|a RU
|
| 105 |
|
|
|a ac z 001zb
|
| 200 |
1 |
|
|a Памяти И. И. Соллертинского. Воспоминания. Материалы. Исследования
|f сост. Л. В. Михеева
|
| 205 |
|
|
|a 2-е изд., доп.
|
| 210 |
|
|
|a Ленинград
|c Советский композитор
|d 1978
|
| 215 |
|
|
|a 310 с.
|c портр., ил.
|
| 320 |
|
|
|a Библиографический указатель работ И. И. Соллертинского: с. 268-294
|
| 320 |
|
|
|a Указатель имен: с. 299-307
|
| 600 |
|
1 |
|a Соллертинский
|b И. И.
|c российский советский музыковед
|f 1902-1944 г.
|g Иван Иванович
|2 stltpush
|3 (RuTPU)RU\TPU\pers\34677
|9 18027
|
| 606 |
1 |
|
|a Музыковедение
|2 stltpush
|3 (RuTPU)RU\TPU\subj\44581
|9 63892
|
| 610 |
1 |
|
|a литературоведение
|
| 610 |
1 |
|
|a лекторы
|
| 610 |
1 |
|
|a музыкальная критика
|
| 610 |
1 |
|
|a театральная критика
|
| 610 |
1 |
|
|a воспоминания
|
| 610 |
1 |
|
|a статьи
|
| 675 |
|
|
|a 78.072(092)
|v 4
|
| 702 |
|
1 |
|a Михеева
|b Л. В.
|g Людмила Викентьевна
|4 220
|
| 801 |
|
1 |
|a RU
|b 63413507
|c 20221110
|
| 942 |
|
|
|c BK
|